[Event "Caissa intern 2018-2019"]
[Site "?"]
[Date "2018.10.30"]
[Round "8"]
[White "Pham, Khoi"]
[Black "Witt, Rob"]
[Result "1/2-1/2"]
[WhiteElo "2066"]
[BlackElo "2124"]
[Annotator "Witt"]
[PlyCount "54"]
[EventDate "2018.??.??"]

{Na de 7e ronde van de interne had ik slechts 0-2 en stond 112e van de 114
deelnemers. Om in ieder geval in de top 100 te komen besloot ik maar weer eens
te spelen. In de 8e ronde werd ik gekoppeld aan het 13-jarige talent Khoi Pham.
} 1. d4 Nf6 2. c4 e6 3. Nc3 Bb4 4. a3 {Hmm, de Sämischvariant. Die heb ik
voor het laatst op het bord gehad tegen Anton Rosmuller in de jaren '70. Ik
heb geen varianten meer paraat, maar de ideën weet ik nog wel. Khoi vertelde
na afloop dat Enrico Vroombout hem dit aangeraden had. Enrico had hem ook
aangeraden om niet meer alleen 1.e4 te openen.} Bxc3+ 5. bxc3 b6 ({De tekstzet
is veel minder gebruikelijk dan} 5... c5 {maar in mijn herinnering ook goed
speelbaar.}) 6. f3 O-O {Na 5 minuten.} ({Ik wist nog dat zwart normaal verder
gaat met} 6... Ba6 7. e4 Nc6 {Maar ik wil na e4-e5 mijn paard kunnen
terugtrekken naar e8. En ook de variant met} 8. Bg5 {wilde ik liever niet.}) 7.
e4 Ne8 8. Bd3 Nc6 {We zijn via zetverwisseling terecht gekomen in een stelling
die meestal ontstaat na 4.f3 0-0 5.a3 Lxc3 6.bxc3 Pe8 7.e4 b6 8.Ld3 Pc6} 9. Ne2
(9. Nh3 Ba6 10. O-O Na5 11. Qe2 c5 12. d5 Nb3 13. Rb1 Nxc1 14. Rbxc1 {(39.1-0)
Leenhouts,K (2488)-Lai,H (2445) Delft 2018}) 9... Ba6 10. Ng3 Na5 11. Qe2 Nb3 {
Na 10 minuten besluit ik zijn loper onschadelijk te maken. Waarschijnlijk was
het toch beter om de druk op c4 te handhaven.} (11... c5 $5 {Ik zie niet zo
gauw hoe wit dan het beste kan spelen.}) 12. Rb1 Nxc1 13. Rxc1 c5 14. O-O g6
15. f4 f5 16. d5 {Na 10 minuten.} Ng7 {Ook na 10 minuten. De keus was niet zo
makkelijk.} ({Een andere mogelijkheid was} 16... Nd6 17. e5 Nf7) ({of ook} 
16... Qh4) 17. e5 $6 ({Beter is} 17. Rcd1) 17... Bb7 $6 {Snel gespeeld. Dit
was helemaal niet de bedoeling van mijn vorige zet.} ({Ik had een tijdje
rondgelopen. Met name in de benedenzaal waren een paar interessante partijen
bezig en ook de SGA-match Caïssa 6 (met o.a. Arno, Alje, Elwin en Abe) tegen
Fischer Z (met o.a. PeeWee van Voorthuijzen en Bram van Dijk. Toen ik weer aan
mijn bord kwam was ik vergeten dat ik de tekstzet wilde beantwoorden met} 17...
d6 {De engine vindt de kansen gelijk, maar ik heb hier liever zwart.}) 18. d6
Bc6 {A tempo een verloren zet.} (18... Kh8) 19. Rfd1 Kh8 20. Qf2 Rg8 {We
hebben hier allebei 40 minuten verbruikt waarvan een flink deel niet met
nadenken want we liepen allebei veel rond. De engine vindt de stelling gelijk,
maar ik denk dat wit beter staat. Zwart kan alleen maar iets doen met g6-g5
maar dat levert niks op omdat met name het zwarte [aard geen toekomst heeft.
Wit heeft op beide vleugels mogelijkheden. Op de damevleugels iets met
a3-a4-a5 en op de koningsvleugel iets met g4 na zorgvuldige voorbereiding als
zwart niks doet. Het was toch wel prettig geweest als mijn paard op f7 zou
staan.} 21. Be2 Rb8 {om niet de lopers te laten ruilen.} 22. Bf3 Ba4 ({De
engine is het niet met me eens. Die ruilt gewoon de lopers} 22... Bxf3 23. Qxf3
Qc8 $11) 23. Rd2 Qh4 ({Mijn enige gedachte bij de tekstzet was dat wit het
fout kan doen. Beter was} 23... g5) 24. Bd1 ({De fout waar ik op hoopte was} 
24. Ne2 {wat in mijn ogen een blunder was wegens} Qxf2+ 25. Kxf2 Bb3 {met
pionwinst. Tot mijn verbazing vindt de engine dat helemaal niet erg en gaat
verder met} 26. Rb1 Bxc4 27. a4 {Wit gaat zijn torens verdubbelen op de b-lijn
en staat beter.}) 24... Bc6 {A tempo ga ik weer loperruil uit de weg.} ({
De engine ruilt natuurlijk weer wel de lopers. Ben ik nou zo dom of is
Stockfish ................} 24... Bxd1 25. Rcxd1 Nh5 26. Nxh5 Qxh5 $11 {
met gelijkspel.}) 25. Nf1 ({Wit had ook proberen dames te ruilen met} 25. Ne4
$1) 25... Qd8 26. a4 ({Ik verwachtte hier} 26. h4) 26... g5 27. Ne3 {Ik zag
eigenlijk geen mogelijkheden om op winst te spelen en liet mijn volgende zet
vergezeld gaan van een remiseaanbod.} g4 {Niet zo'n beste zet, want wit heeft
nu vrij spel op de damevleugel. Maar na een paar minuten nam Khoi het
remiseaanbod aan.} (27... h6 $11) 1/2-1/2

[Event "Caissa II - BSG II  7-1"]
[Site "?"]
[Date "2018.11.03"]
[Round "3"]
[White "Borm, Frans"]
[Black "Witt, Rob"]
[Result "0-1"]
[WhiteElo "2276"]
[BlackElo "2149"]
[Annotator "Witt"]
[PlyCount "104"]
[EventDate "2018.??.??"]

{Caïssa II speelde als enige van de knsbteams een thuiswedstrijd. Maar toch
ook weer niet, want we waren te gast bij Amsterdam West in het Bilderdijkpark
omdat ons eigen clublokaal niet beschikbaar was. Ik was aangenaam verrast om
aan het eerste bord mijn oude vriend Frans Borm te treffen. Frans was iets
minder enthousiast want ze hadden hem aan het eerste bord gezet met de
opdracht om zich op de Pirc van Gertjan voor te bereiden. Dat had hij een week
lang gedaan.} 1. e4 e6 2. d4 d5 3. Nc3 {In de jaren '70 en begin jaren '80
hadden wij meestal de Tarrasch op het bord. Maar soms ook de tekstzet en dan
speelde Frans de ruilvariant.} Bb4 4. exd5 exd5 5. Bd3 Nc6 6. Nf3 {Maar dit is
minder gebruikelijk.} ({Onze partijen gingen vroeger meestal verder met} 6. a3
Bxc3+ 7. bxc3 Nge7 8. Rb1 b6 9. Qh5 ({of} 9. Qf3)) 6... Nge7 {Na 10 minuten.} (
{Frans vertelde na afloop dat hij goede ervaringen heeft met} 6... Bg4 7. O-O
Nxd4 8. Qe1+ Ne6 9. Ne5) 7. O-O Bg4 {Ik had besloten om voor de lange rokade
te gaan.} ({Veiliger is waarschijnlijk} 7... O-O 8. Ne2 Bf5 {maar ik vond dat
een beetje saai. Opmerkelijk dat een wildebras als Rapport ook af en toe naar
deze ruilvariant grijpt. Bijv.} 9. c3 Bd6 10. Bf4 Re8 11. Bg3 Qd7 12. Bb5 a6
13. Ba4 Bg4 14. Qd3 Qf5 15. Nf4 Qxd3 16. Nxd3 Bxg3 17. hxg3 f6 18. Rfe1 Kf7 19.
Re3 b5 20. Bb3 Na5 $2 21. Nfe5+ fxe5 22. Nxe5+ {(57.1-0) Rapport,R (2707)
-Akobian,V (2647) Riadh 2017}) 8. Ne2 {Frans speelde deze verrassende zet vlot.
Hij heeft dit kennelijk bestudeerd wat Frans na afloop bevestigde. Er blijken
ook enkele partijen mee te zijn.} Qd7 {Na 10 minuten. Objectief gezien had ik
geen goede reden om niet op f3 te slaan. Het was meer het gevoel dat Frans
misschien had uitgevogeld dat wit meer aanvalskansen heeft dan zwart en dat ik
beter Frans uit zijn comfortzone kan halen.} (8... Bxf3 9. gxf3 Bd6 10. c3) 9.
c3 Bd6 {Ik keek hier nog een keertje naar slaan op f3, maar zag er toch maar
vanaf.} (9... Bxf3 10. gxf3 Bd6 11. Ng3 {Ik geloof dat Frans hier wat anders
wil spelen.} h5 12. Re1 O-O-O 13. Qc2 g6 14. Kg2 h4 15. Nf1 Rdg8 16. h3 Nd8 17.
Ne3 f5 18. c4 Ne6 19. Nxd5 Nxd4 20. Qc3 c5 21. b4 $14 {(39.½-½) Larsen,B 
(2545)-Kosten,A (2510) Hastings 1990}) 10. Ng3 O-O-O $2 {Die speelde ik snel
om niet verder achterop te raken in tijd.} ({Zo'n Capablanca ziet het toch wel
beter dan ik. Die speelde hier ruim 80 jaar geleden} 10... h5 $1 11. Re1 O-O-O
12. h3 h4 13. Nf1 Bh5 $13 {(37.0-1) Sergeant,E-Capablanca,J Margate 1935}) 11.
h3 {Hier had Frans voor het eerst nagedacht, ca. 10 minuten.} Bxg3 {Ik wilde
mijn witte loper alleen ruilen voor zijn witte collega, niet voor een paard.}
12. fxg3 Bf5 13. Ng5 ({De engine geeft er de voorkeur aan om loperruil uit de
weg te gaan.} 13. Bb5 $5 {met voordeel.}) 13... Rdf8 14. Bxf5 {Na 10 minuten.}
Nxf5 15. Qd3 g6 ({Na} 15... Nd6 $2 {slaat wit gewoon} 16. Nxh7) 16. g4 Nd6 17.
Bf4 f6 18. Bxd6 {Frans wil geen zwart paard op e4 hebben.} Qxd6 19. Nf3 f5 {
Ik wilde mijn achtergebleven pion oplossen. De engine is het niet met me eens.
Die vindt dat het gelijk staat na andere zetten.} 20. gxf5 Rxf5 {Wit nog een
uur, zwart drie kwartier.} 21. Rae1 Rhf8 22. Nh2 {Na 10 minuten. Frans had het
idee dat hij iets beter stond als hij één toren kan ruilen. De engine denkt
daar anders over.} Rxf1+ 23. Nxf1 Qf6 $6 {Na 8 minuten.} ({Nauwkeuriger is
achteraf meteen} 23... Rf7) ({of eerst} 23... Nd8 {een zet die toch een keer
moet.}) 24. Qe2 Rf7 25. Nh2 h5 $6 {Ik heb een beetje onderschat dat pion g6 nu
zwak wordt. Maar andere zetten hebben ook nadelen.} 26. Qe8+ Nd8 27. Nf3 c6 28.
Qe5 a6 $6 {Na 10 minuten. Zwart heeft het lastig omdat het witte paard veel
aktiever is dan het zwarte paard.} ({Het verrast me dat de engine aanbeveelt} 
28... Qxe5 29. Rxe5 Kd7 {Ik dacht dat dit een blunder was en een pion kost
wegens} 30. Rg5 Rg7 31. Rxg6 ({of} 31. Ne5+ Ke6 32. Rxg6+) 31... Rxg6 32. Ne5+
Ke6 33. Nxg6 {maar dit is misschien niet eens beter voor wit omdat de zwarte
koning aktief wordt.} Kf5 34. Ne7+ (34. Ne5 c5 35. Nf3 Ne6 $44) 34... Ke4 35.
Kf2 Kd3 $44 {en hier zullen beide partijen zich zorgen maken.}) 29. h4 Rf8 30.
Qxf6 $6 {Frans zag geen andere manier om verder te komen.} ({Die moet er wel
zijn na bijv.} 30. b4 {volgens Stockfish.}) 30... Rxf6 31. Ne5 Ne6 32. Rf1 {
Frans was (te?) optimistisch over zijn kansen in het paardeindspel en eerlijk
gezegd was ik ook wel een beetje bezorgd.} Rxf1+ 33. Kxf1 Nf8 {Beiden nog een
kwartier.} 34. Kf2 Kd8 35. Kf3 Ke7 36. g4 {Na 5 minuten.} Kf6 (36... hxg4+ 37.
Kxg4 Kf6 {durfde ik niet aan omdat de witte koning de velden g4 en f4 heeft en
de zwarte koning opf6 moet blijven. Ik vermoedde iets met 'zugzwang' maar de
engine vindt het gelijk.}) (36... a5 {vindt de engine ook gelijk.}) 37. Kf4 (
37. g5+ {hebben we allebei niet serieus overwogen. De engine vindt het de
beste zet en oordeelt +0,35 op diepte 48.}) 37... Ne6+ 38. Kg3 Nf8 39. Nd3 {
Wit heeft hier nog 2 minuten.} Ne6 40. b4 {Ik had hier nog 8 minuten en
probeerde de stelling te doorgronden. Dat lukte niet echt en Ineens zag ik dat
mijn seconden weg tikten en deed ik in paniek} Ke7 $4 {Een verschrikkelijke
blunder. Frans was na zijn 40e zet gaan rondlopen en toen hij terugkeerde aan
het bord deed hij zonder al te veel nadenken} (40... hxg4 41. Kxg4 Kg7 {
is remise, maar dat zag ik niet tijdens de partij.}) 41. a4 $4 ({Frans had
kunnen winnen met} 41. Nc5 $18 {bijv.} Nxc5 (41... Nd8 42. gxh5 gxh5 43. Kf4
$18) 42. dxc5 hxg4 43. Kxg4 Kf6 44. Kf4 $18 {en wit wint omdat zwart tempi
heeft met zijn a-pion.}) 41... Kf6 42. a5 {Bij de uitgebreide post-mortem
dachten we dat dit een blunder was. Maar waarschijnlijk kan wit dit eindspel
niet winnen.} ({De beste kans is volgens Stockfish weer} 42. g5+ {maar dat is
remise na} Ke7) 42... Nc7 $2 {Na 10 minuten waarin ik had gezien dat ik met de
witte pion op a5 nu met Ke7 remise kan maken. Op onverklaarbare wijze 
(vermoeidheid?) kwam ik op het idee dat de tekstzet ook wel kon en in ieder
geval interessanter was. Na afloop zei Frans dat hij schrok van deze zet en
meteen concludeerde dat zijn 42.a5 een blunder was geweest.} (42... Ke7 43.
gxh5 gxh5 44. Nf4 Nxf4 45. Kxf4 Kf6 $11) ({Maar ook} 42... hxg4 {maakt weer
remise.} 43. Kxg4 Ke7 44. Ne5 Kf6 45. Nd7+ Kf7 $11) 43. gxh5 {Na 3 minuten de
zet die ik verwachtte.} ({Kennelijk kon Frans ook niet meer goed analyseren,
want veel sterker was} 43. Nc5 $1 Nb5 44. Nxb7 Nxc3 {We hebben allebei gedacht
dat dit niks was voor wit door de dubbele dreiging Pc3-e2+xd4 en Pc3-a2xd4 en
niet verder gekeken. Maar wit lijkt te winnen na} 45. Nc5 Ne2+ 46. Kf2 Nxd4 47.
gxh5 gxh5 48. Nxa6 Nc2 49. Ke2 Ke5 50. Kd2 {Bij nader inzien lijkt zwart dit
op wonderbaarlijke wijze toch remise te houden na} Na3 51. Nc5 Kf5 52. a6 Nb5
53. Nb3 Ke4 54. Ke2 Na7 55. Nc5+ Kd4 56. Ne6+ Kc4 57. Nf4 Kb5 58. Nxh5 Kxa6 59.
Ng3 Nc8 $11 {Misschien een geval van 'long variation, bad variation', maar ik
heb geen winst kunnen vinden voor wit.}) 43... gxh5 44. Nf4 {En deze speelde
Frans ook snel.} ({Op} 44. Nc5 {plande ik} Kf5 {om de witte koning naar f3 te
lokken.} 45. Kf3 Nb5 46. Nxb7 Nxc3 47. Nc5 (47. Nd8 Nb5 48. Nxc6 Ke6 {en zwart
wint d4 terug. Als wit die dekt met} 49. Ke3 {volgt} Kf5 $11 {Het heeft weinig
zin om al die varianten uit te schrijven.}) 47... Nb5 48. Nxa6 Nxd4+ 49. Ke3
Nb5 $11) 44... Nb5 45. Nxh5+ Kf5 46. Kf3 {Er is hier nog niks aan de hand maar
ik kon aan de lichaamstaal van Frans zien dat hij volkomen in de war was door
de onverwachte stellingsbeelden.} ({Wit kan ook remise maken met} 46. Ng7+ Kf6
47. Nh5+ Kf5) 46... Nxc3 47. Ng3+ Kf6 48. Kf4 Na2 49. Nf5 Nxb4 50. Nd6 Nc2 {
Hier schrok Frans ook, maar er is nog steeds niks aan de hand.} 51. Nxb7 Nxd4
52. Nc5 $4 (52. Ke3 {maakt nog remise.}) 52... Ne6+ {En volkomen versuft gaf
Frans op.} 0-1

[Event "De Waagtoren - Caissa 2  51/2-21/2"]
[Site "?"]
[Date "2018.11.24"]
[Round "4"]
[White "Witt, Rob"]
[Black "Vlaming, Jos"]
[Result "1/2-1/2"]
[WhiteElo "2149"]
[BlackElo "2136"]
[Annotator "Witt"]
[PlyCount "62"]
[EventDate "2018.??.??"]

{In de 4e ronde trokken we naar Alkmaar voor de zware wedstrijd tegen De
Waagtoren. Dit team was gemiddeld ruim 100 elo sterker dan wij. Ik had me een
beetje voorbereid op hun twee sterkste spelers, IM Yong Hoon de Rover en Danny
de Ruiter. Die zaten echter aan bord 4 en 5. Mijn tegenstander kende ik niet
en ik had ook geen idee hoe sterk hij is en wat hij voor openingen speelt.} 1.
d4 g6 2. e4 Bg7 3. Nc3 {Voor mij ongebruikelijk.} ({Meestal speel ik} 3. c4 {
waarop mijn tegenstander} Nc6 {gespeeld zou hebben. Dan was ik meteen 'out of
book' geweest.}) ({En een enkele keer} 3. Nf3 {zoals eerder dit seizoen tegen
Tom Bottema.}) 3... c6 {Enkele decennia geleden heb ik dit zelf gespeeld, maar
ik weet er weinig meer van.} 4. Nf3 {Ik probeerde mij te herinneren wat wit
nog meer zou kunnen spelen en kwam tot} (4. Bc4 d6 5. Qf3 e6 {wat volgens mij
niets bijzonders oplevert.}) (4. Be3 d5 5. Qd2) (4. f4 d5 5. e5 {Wat ik
vroeger zelf met zwart leuk vond.}) 4... d5 5. h3 Nf6 {Ik weet niet wat
tegenwoordig de beste aanpak is voor wit.} 6. e5 ({Dit leek mij interessanter
dan het alternatief} 6. Bd3 dxe4 7. Nxe4 Nxe4 8. Bxe4) 6... Ne4 7. Bd3 {
Die speelde ik zonder nadenken.} ({Na afloop vertelde Jos mij dat de grote
variant is} 7. Nxe4 dxe4 8. Ng5 c5 {Toen Jos dit liet zien, herkende ik de
stelling, maar ik was deze aanpak geheel vergeten.}) 7... Nxc3 8. bxc3 c5 9.
O-O Nc6 10. Re1 O-O ({Ik zie in de database een vluggertje van Roland Schmaltz
tegen Kasparov. Daar volgde} 10... c4 11. Bf1 O-O 12. a4 Bf5 13. Nh4 Be6 14. f4
Qd7 15. a5 f6 16. Be3 f5 17. Qb1 Qc7 18. Qa2 Bd7 19. Nf3 e6 20. Be2 h6 21. Kh2
Rf7 22. Rg1 $13 {(51.½-½) Schmaltz,R (2470)-Kasparov,G (2825) ICC INT 1998})
11. a4 {Ik wilde nog in het midden laten wat ik met Lc1 ging doen. Ik had hier
20 minuten verbruikt, Jos had alles a tempo gespeeld en nog meer tijd dan toen
we begonnen. Maar nu dacht hij een kwartier na.} Qa5 12. Bd2 Qc7 {Na 10
minuten.} 13. Qc1 c4 {Na 25 minuten!} (13... Be6 14. Qa3 b6 15. Be3 c4 16. Bf1
f6 17. exf6 exf6 18. Bf4 Qd7 19. Qd6 Qxd6 20. Bxd6 Rfe8 21. g4 $13 {(74.1-0)
Schmaltz,R (2536) -Buchal,S (2348) Bad Wiessee 2001}) 14. Bf1 f6 {Na 7 minuten.
Jos heeft dus voor zijn laatste vier zetten bijna een uur verbruikt. Het kost
mij dan de grootste moeite om mijn concentratie vast te houden.} 15. exf6 ({
Ik zou het liefst zien dat zwart op e5 ruilt en daarom zat ik na te denken over
} 15. Bf4 {Maar toen bedacht ik dat zwart ook f5 kan spelen en als zwart
meteen f5 had gespeeld, zou ik en passant geslagen hebben. Daarom sloeg ik nu
ook maar zonder veel tijd te investeren.}) 15... exf6 16. Bf4 Qf7 17. g4 {
Ik dacht tijdens de partij dat ik hier een plusje had, maar de engine vindt
het gewoon gelijk. Ik neig nu zelfs naar een plusje voor zwart. Zwart heeft
een plan met g5, h6 en f5 en de witte a-pion is een zwakte. Bij zwart is
alleen pion d5 een zwakte, maar die kan makkelijk verdedigd worden.} Bd7 18.
Bg2 Rfe8 {Wit nog 50 minuten, zwart 30 minuten.} 19. a5 {Na 6 minuten.} a6 20.
Qb2 g5 $2 {Na 5 minuten. De zet is een ernstige fout. Zowel tijdens de partij
als bij de post-mortem bleef dit onopgemerkt. En ook toen ik de partij aan
mijn teamgenoten toonde, viel het niemand op.} 21. Bd2 $2 {Van de drie
loperzetten die ik bekeek, de tekstzet en Lg3 en Ld6, was dit de beste keus.
Er waren echter nog twee loperzetten die allebei beter waren.} ({Vrijwel
winnend was} 21. Bxg5 $1 {Zoals Jos ten Hacken altijd zei: 'je ziet hem of je
ziet hem niet'. Zwart kan de loper niet eens slaan. Relatief het beste is nog}
Bxg4 (21... fxg5 $2 22. Nxg5 Qg6 23. Bxd5+ {is totaal uit.}) 22. hxg4 fxg5 23.
Nxg5 Qd7 24. Nh3 {met groot voordeel.}) ({En ook de andere kandidaatzet die ik
miste was beter geweest al is dat niet relevant.} 21. Bc7 $14) 21... Be6 22.
Nh2 Qd7 23. f4 {Na 6 minuten.} (23. Nf1) 23... h6 24. f5 $2 {Een slechte zet
die zwart de vrije hand geeft.} ({Ik was eigenlijk van plan om te ruilen.} 24.
fxg5 fxg5 $13 {was in ieder geval beter, maar ik bedacht dat ik toch wel last
kan krijgen van zwakke velden als zwart zijn paard naar g6 speelt.}) ({Het
beste is waarschijnlijk de spanning handhaven met} 24. Nf1 $13) 24... Bf7 {
Hier dacht ik 10 minuten na en mijn stelling begon me steeds minder te
bevallen al vindt Stockfish het wel meevallen. Zwart kan bijv. Lg7-f8-d6-c7
spelen en mijn a-pion ophalen. Toen zag ik een variant waar zwart remise kan
maken door zetherhaling. Zwart was daar vast wel tevreden mee, hoopte ik.} 25.
Qb6 $6 {Eigenlijk een slechte zet.} (25. Nf1 Bf8 26. Rab1 {lijkt nog te gaan.})
25... Bf8 26. Nf1 Bd6 27. Rxe8+ Rxe8 28. Kf2 Bc7 {Beide spelers hebben nog een
kwartier.} 29. Qc5 Bd6 30. Qb6 Bc7 ({Ik had goed aangevoeld dat zwart wel
tevreden was met remise. Ondertussen maakte ik mij grote zorgen over} 30... Bb8
{waarop ik plande} 31. Ne3 Ba7 {en slecht is nu} 32. Qb1 $2 ({Noodzakelijk
maar ook goed voor zwart is} 32. Qb2 $17) 32... Nxd4 {Aangegeven door Rogier
van Arkel.} 33. cxd4 Bxd4 $19) 31. Qc5 Bd6 {We verloren de wedstrijd met
5½-2½. Hun drie beste spelers wonnen aan de borden 2, 4 en 5 en de overige
partijen werden remise.} 1/2-1/2